000 00481nam a2200181Ia 4500
008 240925s9999 xx 000 0 und d
020 _a9780071615860
082 _a510 LIP
100 _aLipschutz, Seymour; Lipson, Marc
245 0 _aDiscrete Mathematics
250 _a3rd
260 _aNew York:
_bMcGraw-Hill
_c,2007.
300 _aVarious pages
_b0
_fOriginal
500 _aIncludes Index
600 _aHumanities & Natural Science
650 _aMathematics
942 _cBK
999 _c15212
_d15212